Artur no mundo dos ratos (Registo nº 2645)

Detalhes MARC
000 -Etiqueta do registo
Cabeçalho 00841nam a22002891 4500
005 - Identificador da versão
Campo de controlo 20240827170325.0
010 ## - Número internacional normalizado dos livros (ISBN)
Número (ISBN) 9724127923
021 ## - Número do Depósito Legal
Código do país PT
Número 175374/02
100 ## - Dados gerais de processamento
Dados gerais de processamento 20030506d2003 c y0pory5003 ba
101 1# - Língua de publicação
Língua do texto, banda sonora, etc. Português
Língua do documento no original Francês
102 ## - Pais de publicação ou produção
País de publicação Portugal
105 ## - Campo de dados codificados: livros
Dados codificados dos livros a z 000fy
106 ## - Campo de dados codificados: material textual
Dados codificados do material textual r
200 1# - Titulo e menção de responsabilidade
Título próprio Artur no mundo dos ratos
Primeira menção de responsabilidade Daniel Joris
Outras menções de responsabilidade il. Gauthier Dosimont
-- trad. Alda Durães
205 ## - Menção da edição
Menção da edição 1ª ed
210 ## - Publicação, Distribuição, etc. 
Lugar da edição, distribuição, etc. Porto
Nome do editor, distribuidor, etc. Asa
Data da publicação, distribuição, etc. 2003
215 ## - Descrição física 
Indicação específica da natureza do documento e extensão da espécie [19] p.
Outras indicações físicas todo il.
Dimensões 24 cm
225 2# - Colecção 
Título próprio da colecção O livro mágico de Artur
Indicação de volume 1
304 ## - Notas relativas a título e menção de responsabilidade 
Texto da nota Tít. orig.: Arthur parmi les souris
606 ## - Nome comum usado como assunto
Número de registo de entrada de autoridade 0000029
Palavra de ordem Literatura portuguesa infantil
Subdivisão de assunto Conto
675 ## - Classificação Decimal Universal (CDU)
Notação 821.134.3-34
Edição
Língua da edição por
700 #1 - Nome de autor-pessoa física (responsabilidade principal)
Número de registo de entrada de autoridade 0000727
Palavra de ordem Joris
Outra parte do nome não tomada para palavra de ordem Daniel
702 #1 - Nome de autor-pessoa física (responsabilidade secundária)
Número de registo de entrada de autoridade 0000728
Palavra de ordem Dosimont
Outra parte do nome não tomada para palavra de ordem Gauthier
Código de função Ilustrador / Técnico de desenho computorizado
Número de registo de entrada de autoridade 0000729
Palavra de ordem Durães
Outra parte do nome não tomada para palavra de ordem Alda
Código de função Tradutor
942 ## - Elementos de entrada adicionados (Koha)
Tipo de item no Koha Livro
Exemplares
Situação do levantamento Origin of item (home branch) (coded) Biblioteca de empréstimo Código de barras Cota Circulation type (not for loan) Tipo de documento Nota do exemplar Damaged status
  Biblioteca Escolar da Coca Maravilhas Biblioteca Escolar da Coca Maravilhas BECM6265/03 8EST JOR   Livro Sem mensagem